[Event "GER-ch (Women) op"]
[Site "Augsburg"]
[Date "2024.03.08"]
[Round "4"]
[White "Birkholz, Olga"]
[Black "Trunz, Michelle"]
[Result "1/2-1/2"]
[WhiteElo "1986"]
[BlackElo "1928"]
[PlyCount "72"]
[EventDate "2024.03.06"]
[EventType "swiss"]
[EventRounds "9"]
[EventCountry "GER"]
[SourceTitle "CB12_2024"]
[SourceDate "2023.10.01"]
[SourceVersion "1"]
[SourceVersionDate "2023.10.01"]
[SourceQuality "1"]

1. Nf3 d5 2. d4 Nf6 3. Nbd2 c5 4. c3 e6 5. e3 Bd6 6. Ne5 0-0 7. Bd3 Nc6 8. f4 Qc7 9. Qf3 c4 10. Bc2 b5 11. e4 Bb7 12. exd5 exd5 13. 0-0 Rae8 14. Qh3 Bc8 15. Qh4 Ne7 16. g4 Ng6 17. Bxg6 fxg6 18. h3 b4 19. g5 Nh5 20. Ndf3 Bf5 21. Bd2 a5 22. Nh2 Be4 23. Nhg4 Rb8 24. Rf2 a4 25. Ne3 a3 26. bxa3 b3 27. Bc1 Nxf4 28. Rxf4 Rxf4 29. Qxf4 Bxe5 30. dxe5 b2 31. Bxb2 Rxb2 32. Rf1 Rb8 33. a4 Qe7 34. a5 h6 35. gxh6 gxh6 36. a6 Qg5+ 1/2-1/2

[Event "GER-ch Rapid (Women)"]
[Site "Dinkelsbuehl"]
[Date "2023.11.11"]
[Round "2"]
[White "Birkholz, Olga"]
[Black "Sieber, Fiona"]
[Result "0-1"]
[WhiteElo "1996"]
[BlackElo "2228"]
[PlyCount "76"]
[EventDate "2023.11.11"]
[EventType "swiss (rapid)"]
[EventRounds "9"]
[EventCountry "GER"]
[SourceTitle "CB47_2023"]
[SourceDate "2023.11.22"]
[SourceVersion "1"]
[SourceVersionDate "2023.11.22"]
[SourceQuality "1"]

1. e4 c5 2. b4 cxb4 3. d4 d5 4. e5 Nc6 5. f4 Bf5 6. Nf3 h5 7. Bd3 Nh6 8. 0-0 e6 9. a3 bxa3 10. Bxa3 Bxa3 11. Rxa3 a6 12. Nbd2 Bxd3 13. Rxd3 Nf5 14. Qb1 b5 15. Nb3 Qb6 16. Qa1 0-0 17. Ng5 b4 18. Qd1 g6 19. g4 hxg4 20. Qxg4 Kg7 21. Kh1 Rh8 22. Rg1 Rh6 23. Nf3 Rah8 24. Rg2 a5 25. Qg5 Qd8 26. Qg4 Qe7 27. Nbd2 a4 28. c4 bxc3 29. Rxc3 Ncxd4 30. Nxd4 Nxd4 31. Qd1 Qb4 32. Ra3 Nf5 33. Rxa4 Ng3+ 34. Kg1 Qc5+ 35. Rf2 Rxh2 36. Qf3 Rxf2 37. Qxf2 Rh1+ 38. Kg2 Rh2+ 0-1

[Event "Oberfranken-ch"]
[Site "Kronach"]
[Date "2023.11.02"]
[Round "1"]
[White "Birkholz, Olga"]
[Black "Averkova, Mariia"]
[Result "1/2-1/2"]
[WhiteElo "1991"]
[BlackElo "1317"]
[PlyCount "130"]
[EventDate "2023.11.02"]
[EventType "swiss"]
[EventRounds "7"]
[EventCountry "GER"]
[SourceTitle "CB46_2023"]
[SourceDate "2023.11.15"]
[SourceVersion "1"]
[SourceVersionDate "2023.11.15"]
[SourceQuality "1"]

1. d4 d5 2. Bf4 Nf6 3. e3 Bf5 4. Nc3 a6 5. h3 e6 6. Nf3 Nbd7 7. a3 c5 8. Be2 Be7 9. 0-0 0-0 10. Nh4 Bg6 11. Nxg6 hxg6 12. Bf3 Qb6 13. Qd2 Bd6 14. Bxd6 Qxd6 15. Rad1 Qb6 16. dxc5 Nxc5 17. b4 Nce4 18. Bxe4 Nxe4 19. Nxe4 dxe4 20. c4 Rfd8 21. Qc2 Qc6 22. Rd4 Rxd4 23. exd4 Rd8 24. Rd1 b5 25. c5 Qd5 26. c6 Rc8 27. Rc1 Rc7 28. Qc3 f5 29. g4 fxg4 30. Qc5 gxh3 31. Qxd5 exd5 32. Kh2 Kf7 33. Kxh3 Ke7 34. Rc5 Kd6 35. Kg4 Ke6 36. Kg5 Kd6 37. Kxg6 Ke6 38. Kg5 Kd6 39. Rc2 Ke6 40. Rc1 Kd6 41. Kh5 Ke6 42. Rc3 Kd6 43. Kg6 Ke6 44. Kg5 Kd6 45. Kh4 Ke6 46. Rg3 Kf7 47. Rc3 Ke6 48. Kh5 Kd6 49. Rc1 Ke6 50. Rg1 g5 51. Rxg5 Rh7+ 52. Kg4 Kd6 53. Rg6+ Kc7 54. Rf6 Re7 55. Kf4 Re8 56. Rg6 Re7 57. Rh6 Re8 58. Rf6 Re7 59. Kf5 e3 60. fxe3 Rxe3 61. Re6 Rh3 62. Ke5 Rh5+ 63. Kf4 Rh4+ 64. Ke5 Rh5+ 65. Kf4 Rh4+ 1/2-1/2

[Event "Oberfranken-ch"]
[Site "Kronach"]
[Date "2023.11.02"]
[Round "2"]
[White "Schuelner, David"]
[Black "Birkholz, Olga"]
[Result "1/2-1/2"]
[WhiteElo "1280"]
[BlackElo "1991"]
[PlyCount "99"]
[EventDate "2023.11.02"]
[EventType "swiss"]
[EventRounds "7"]
[EventCountry "GER"]
[SourceTitle "CB46_2023"]
[SourceDate "2023.11.15"]
[SourceVersion "1"]
[SourceVersionDate "2023.11.15"]
[SourceQuality "1"]

1. e4 c5 2. Nf3 a6 3. d4 cxd4 4. Nxd4 Nf6 5. e5 Qa5+ 6. Nc3 Qxe5+ 7. Be2 e6 8. 0-0 Be7 9. Re1 Qc7 10. g4 h6 11. Bf3 Nc6 12. Nxc6 bxc6 13. a3 d5 14. b4 0-0 15. Qe2 Bb7 16. Kg2 a5 17. Rb1 axb4 18. axb4 d4 19. Ne4 Nd5 20. Bd2 Ba6 21. Qd1 Rab8 22. Nc5 Bc8 23. Bxd5 exd5 24. Nd3 Bd6 25. f4 f5 26. g5 hxg5 27. fxg5 f4 28. Qf3 Bf5 29. Qf2 Be4+ 30. Kg1 g6 31. Qxd4 Qh7 32. Rxe4 dxe4 33. Qxd6 exd3 34. Qxd3 Rb5 35. Qc4+ Qf7 36. Qxf7+ Rxf7 37. h4 Rd5 38. Bc3 Rh7 39. Be1 Re7 40. Kf1 Kf7 41. c4 Rd4 42. b5 Rxc4 43. b6 Rb7 44. Bf2 Ke6 45. Ke2 c5 46. Kd3 Kd5 47. h5 gxh5 48. g6 Rb4 49. Rxb4 cxb4 50. Bd4 1/2-1/2

[Event "GER-ch Blitz (Women)"]
[Site "Viernheim"]
[Date "2023.07.15"]
[Round "4"]
[White "Birkholz, Olga"]
[Black "Dolzhikova, Kateryna"]
[Result "0-1"]
[WhiteElo "1991"]
[BlackElo "2321"]
[PlyCount "83"]
[EventDate "2023.07.15"]
[EventType "tourn (blitz)"]
[EventRounds "27"]
[EventCountry "GER"]
[SourceTitle "CBM 215 Extra"]
[Source "ChessBase"]
[SourceDate "2023.09.30"]
[SourceVersion "1"]
[SourceVersionDate "2023.09.30"]
[SourceQuality "1"]

1. d4 Nf6 2. Bf4 d6 3. c3 g6 4. g3 Bg7 5. Bg2 0-0 6. e4 Nfd7 7. Qd2 e5 8. Bh6 exd4 9. cxd4 Re8 10. Ne2 c5 11. h4 cxd4 12. Bxg7 Kxg7 13. h5 Nf6 14. hxg6 fxg6 15. Nxd4 Nc6 16. Ne2 Qa5 17. Nbc3 Bg4 18. f3 Be6 19. Qxd6 Rad8 20. Qf4 Nb4 21. e5 Nd3+ 22. Kf1 Nxf4 23. exf6+ Kxf6 24. Ne4+ Kg7 25. Nxf4 Bc4+ 26. Kg1 Qb6+ 27. Kh2 Qxb2 28. Rab1 Qe5 29. Rxb7+ Re7 30. Rxe7+ Qxe7 31. Rc1 Bxa2 32. Ra1 Qf7 33. Nc3 Rd2 34. Nxa2 Rxa2 35. Rc1 a5 36. Rc6 a4 37. Ne6+ Kh6 38. f4 a3 39. Ng5 Rxg2+ 40. Kh3 Qb7 41. Nf7+ Qxf7 42. Kxg2 0-1

[Event "GER-ch Blitz (Women)"]
[Site "Viernheim"]
[Date "2023.07.15"]
[Round "2"]
[White "Birkholz, Olga"]
[Black "Groeschel, Karoline"]
[Result "0-1"]
[WhiteElo "1991"]
[BlackElo "1934"]
[PlyCount "132"]
[EventDate "2023.07.15"]
[EventType "tourn (blitz)"]
[EventRounds "27"]
[EventCountry "GER"]
[SourceTitle "CBM 215 Extra"]
[Source "ChessBase"]
[SourceDate "2023.09.30"]
[SourceVersion "1"]
[SourceVersionDate "2023.09.30"]
[SourceQuality "1"]

1. e4 e6 2. d4 d5 3. exd5 exd5 4. Nc3 c6 5. Nf3 Bd6 6. Bd3 Nf6 7. 0-0 0-0 8. h3 h6 9. Be3 Re8 10. Re1 Nbd7 11. Qd2 Ne4 12. Bxe4 dxe4 13. Nh2 f5 14. Bf4 Nf6 15. Bxd6 Qxd6 16. f3 b6 17. fxe4 fxe4 18. Rad1 Bf5 19. Qe3 Rad8 20. a3 Kh7 21. Nf1 Nd5 22. Nxd5 cxd5 23. Ng3 Bg6 24. Rf1 Rf8 25. Rd2 Rxf1+ 26. Kxf1 Qc6 27. c3 Qb5+ 28. Kg1 Rf8 29. Ne2 Qb3 30. Nf4 Bf5 31. Qg3 Qa2 32. Nh5 Bg6 33. Nf4 Bf7 34. Kh2 g5 35. Ne2 Qc4 36. Qe3 Qc7+ 37. Ng3 Bg6 38. Kg1 Qf7 39. Rf2 Qe7 40. Rd2 Rf4 41. Rf2 Qf6 42. Re2 h5 43. Rf2 h4 44. Ne2 Rxf2 45. Qxf2 Qxf2+ 46. Kxf2 Bh5 47. Nc1 Kg6 48. Ke3 Kf5 49. Nb3 g4 50. Nd2 gxh3 51. gxh3 Be8 52. Nf1 Bd7 53. Nh2 Kg5 54. Ng4 Bxg4 55. Kf2 Bxh3 56. Kg1 Kf4 57. b4 e3 58. Kh2 Bd7 59. b5 Bxb5 60. a4 Bxa4 61. c4 dxc4 62. d5 e2 63. d6 e1Q 64. d7 Bxd7 65. Kg2 Bc6+ 66. Kh3 Qg3# 0-1

[Event "GER-ch Blitz (Women)"]
[Site "Viernheim"]
[Date "2023.07.15"]
[Round "25"]
[White "Birkholz, Olga"]
[Black "Heutling, Elina"]
[Result "1-0"]
[WhiteElo "1991"]
[BlackElo "1940"]
[PlyCount "91"]
[EventDate "2023.07.15"]
[EventType "tourn (blitz)"]
[EventRounds "27"]
[EventCountry "GER"]
[SourceTitle "CBM 215 Extra"]
[Source "ChessBase"]
[SourceDate "2023.09.30"]
[SourceVersion "1"]
[SourceVersionDate "2023.09.30"]
[SourceQuality "1"]

1. d4 Nf6 2. Nf3 c5 3. e3 g6 4. b3 Bg7 5. Bb2 0-0 6. Bd3 cxd4 7. exd4 d5 8. h3 Ne4 9. 0-0 Nc6 10. Qe2 Nd6 11. a3 Re8 12. Re1 Bf5 13. Ne5 Bxd3 14. Qxd3 Nf5 15. Nd2 Rc8 16. g4 Nd6 17. c4 e6 18. Qf3 Nxe5 19. dxe5 Ne4 20. Nxe4 dxe4 21. Qxe4 Qb6 22. b4 a5 23. c5 Qb5 24. Rac1 a4 25. Re3 Bh6 26. f4 Red8 27. Bc3 Qc6 28. Qxc6 bxc6 29. g5 Bg7 30. Rce1 Rd5 31. Kf2 Rcd8 32. R1e2 h6 33. Kf3 hxg5 34. fxg5 Rd1 35. Re4 R1d3+ 36. R2e3 Rd1 37. Rf4 Rh1 38. Kg4 Rdd1 39. Rg3 Kf8 40. Bd4 Ke7 41. Rgf3 Rd2 42. Rxf7+ Ke8 43. Rxg7 Rg2+ 44. Rg3 Rxg3+ 45. Kxg3 Ra1 46. Bxa1 1-0

[Event "GER-ch Blitz (Women)"]
[Site "Viernheim"]
[Date "2023.07.15"]
[Round "18"]
[White "Ley, Sabrina"]
[Black "Birkholz, Olga"]
[Result "0-1"]
[WhiteElo "1838"]
[BlackElo "1991"]
[PlyCount "68"]
[EventDate "2023.07.15"]
[EventType "tourn (blitz)"]
[EventRounds "27"]
[EventCountry "GER"]
[SourceTitle "CBM 215 Extra"]
[Source "ChessBase"]
[SourceDate "2023.09.30"]
[SourceVersion "1"]
[SourceVersionDate "2023.09.30"]
[SourceQuality "1"]

1. e4 c5 2. Nc3 Nc6 3. d3 g6 4. Be3 d6 5. Qd2 Nd4 6. Nd1 Bg7 7. c3 Nc6 8. g3 e5 9. Bg2 Nge7 10. Bh6 0-0 11. h4 f5 12. h5 f4 13. hxg6 Nxg6 14. Nf3 Rf7 15. Ng5 Rc7 16. Qe2 Bxh6 17. Qh5 Qxg5 18. Qxh6 Qxh6 19. Rxh6 Kg7 20. Rh2 Be6 21. Kd2 Rf8 22. gxf4 Rxf4 23. f3 Rh4 24. Rxh4 Nxh4 25. Bh1 Kf8 26. Ne3 Rg7 27. Rf1 Ng6 28. Nc2 Nf4 29. Ke3 Bh3 30. Rd1 Bg2 31. d4 Bxh1 32. Rxh1 Rg2 33. dxe5 dxe5 34. Re1 Rxc2 0-1

[Event "GER-ch Blitz (Women)"]
[Site "Viernheim"]
[Date "2023.07.15"]
[Round "7"]
[White "Margaryan, Susanna"]
[Black "Birkholz, Olga"]
[Result "0-1"]
[WhiteElo "1464"]
[BlackElo "1991"]
[PlyCount "78"]
[EventDate "2023.07.15"]
[EventType "tourn (blitz)"]
[EventRounds "27"]
[EventCountry "GER"]
[SourceTitle "CBM 215 Extra"]
[Source "ChessBase"]
[SourceDate "2023.09.30"]
[SourceVersion "1"]
[SourceVersionDate "2023.09.30"]
[SourceQuality "1"]

1. e4 c5 2. Nf3 a6 3. d4 cxd4 4. Nxd4 Nf6 5. Bd3 d6 6. c4 g6 7. Nc3 Bg7 8. 0-0 Nc6 9. Nxc6 bxc6 10. f3 0-0 11. Be3 Rb8 12. Qc2 Be6 13. a3 c5 14. Rab1 Qa5 15. Nd5 Nxd5 16. exd5 Bd7 17. Bd2 Qc7 18. Bc3 Bh6 19. Qe2 e6 20. dxe6 Bxe6 21. Rfe1 Rbe8 22. Qc2 Qd7 23. Qd1 Rd8 24. Bc2 Bxc4 25. Ba5 Rb8 26. Ba4 Bb5 27. Bxb5 axb5 28. Bc3 d5 29. Re5 d4 30. Rxc5 Be3+ 31. Kh1 Qd6 32. Bb4 Qf4 33. Rd5 Rfd8 34. Rxd8+ Rxd8 35. g3 Qf5 36. Ba5 Rd5 37. b4 d3 38. Rb3 Bf2 39. Qd2 Qxf3# 0-1

[Event "GER-ch Blitz (Women)"]
[Site "Viernheim"]
[Date "2023.07.15"]
[Round "9"]
[White "Noll, Sonja"]
[Black "Birkholz, Olga"]
[Result "0-1"]
[WhiteElo "1728"]
[BlackElo "1991"]
[PlyCount "86"]
[EventDate "2023.07.15"]
[EventType "tourn (blitz)"]
[EventRounds "27"]
[EventCountry "GER"]
[SourceTitle "CBM 215 Extra"]
[Source "ChessBase"]
[SourceDate "2023.09.30"]
[SourceVersion "1"]
[SourceVersionDate "2023.09.30"]
[SourceQuality "1"]

1. e4 c5 2. Bc4 e6 3. a4 Nc6 4. d3 d5 5. exd5 exd5 6. Ba2 Nf6 7. Bg5 Be7 8. Ne2 0-0 9. 0-0 Be6 10. Nf4 Qd6 11. Bxf6 Bxf6 12. Nxe6 fxe6 13. c3 Kh8 14. Nd2 Rae8 15. f4 Be7 16. g3 Rf5 17. c4 Ref8 18. Qg4 Bf6 19. cxd5 exd5 20. Rae1 Bd4+ 21. Kg2 h5 22. Qf3 Bxb2 23. Nb3 c4 24. dxc4 dxc4 25. Rd1 Qb4 26. Nd2 Nd4 27. Qe4 Qxa4 28. Bxc4 Bc3 29. Nb1 Qxc4 30. Nxc3 Qxc3 31. Qxd4 Qxd4 32. Rxd4 Rb5 33. Ra1 a5 34. Rd7 Rff5 35. Kf3 Rfc5 36. h3 Rc3+ 37. Kg2 Rb2+ 38. Kf1 a4 39. Rdd1 a3 40. Rdc1 Rxg3 41. Rcb1 Rh2 42. Rxa3 Rxa3 43. Rxb7 Ra1+ 0-1

[Event "GER-ch Blitz (Women)"]
[Site "Viernheim"]
[Date "2023.07.15"]
[Round "24"]
[White "Von Herman, Brigitte"]
[Black "Birkholz, Olga"]
[Result "1-0"]
[WhiteElo "1911"]
[BlackElo "1991"]
[PlyCount "86"]
[EventDate "2023.07.15"]
[EventType "tourn (blitz)"]
[EventRounds "27"]
[EventCountry "GER"]
[SourceTitle "CBM 215 Extra"]
[Source "ChessBase"]
[SourceDate "2023.09.30"]
[SourceVersion "1"]
[SourceVersionDate "2023.09.30"]
[SourceQuality "1"]

1. e4 c5 2. c3 Nf6 3. e5 Nd5 4. d4 d6 5. c4 Nb6 6. dxc5 dxc5 7. Qxd8+ Kxd8 8. Nc3 Nc6 9. Nf3 Bg4 10. Bf4 e6 11. 0-0-0+ Ke7 12. h3 Bxf3 13. gxf3 f6 14. exf6+ Kxf6 15. Rg1 h6 16. Ne4+ Kf5 17. Be3 Ne5 18. Nxc5 Nbxc4 19. Kb1 Nxe3 20. fxe3 Nxf3 21. Bd3+ Ke5 22. Nd7+ Kd5 23. Be2+ Ke4 24. Rg6 e5 25. Rc1 Kxe3 26. Bxf3 Kxf3 27. Nxe5+ Kf4 28. Nf7 Rg8 29. Nxh6 Rh8 30. Rf1+ Ke3 31. Re6+ Kd4 32. Rd1+ Kc5 33. Nf5 Rxh3 34. a3 a5 35. Re5+ Kb6 36. Rdd5 Rc8 37. Rxa5 Rh1+ 38. Ka2 Rc6 39. Rab5+ Kc7 40. Nd4 Rc4 41. Ne6+ Kc8 42. Nxf8 Rh2 43. Ne6 Rcc2 1-0

[Event "EU-ch Seniors 50 (Women)"]
[Site "Acqui Terme"]
[Date "2023.06.01"]
[Round "7"]
[White "Birkholz, Olga"]
[Black "Sirletti, Sonia"]
[Result "1/2-1/2"]
[WhiteElo "2005"]
[BlackElo "1825"]
[PlyCount "66"]
[EventDate "2023.05.26"]
[EventType "swiss"]
[EventRounds "9"]
[EventCountry "ITA"]
[SourceTitle "CBM 214 Extra"]
[Source "ChessBase"]
[SourceDate "2023.07.31"]
[SourceVersion "1"]
[SourceVersionDate "2023.07.31"]
[SourceQuality "1"]

1. Nf3 d5 2. g3 Nf6 3. Bg2 e6 4. d3 Be7 5. Nbd2 0-0 6. 0-0 c6 7. a4 a5 8. b3 Nbd7 9. Bb2 Qc7 10. e4 dxe4 11. dxe4 Rd8 12. Re1 Bb4 13. Qe2 b6 14. e5 Nd5 15. c4 Ne7 16. Rad1 Nc5 17. Nd4 Bb7 18. Rf1 Rd7 19. f4 Rad8 20. N2f3 Nf5 21. Kh1 Nxd4 22. Nxd4 Na6 23. f5 Nc5 24. f6 g6 25. Qe3 Na6 26. Bf3 Bf8 27. Rde1 Nc5 28. Qf4 b5 29. Re3 bxa4 30. h4 Nxb3 31. Nxb3 axb3 32. Rxb3 Rd3 33. Bc3 a4 1/2-1/2

[Event "GER-chT Federal Cup (Women)"]
[Site "Braunfels"]
[Date "2022.06.17"]
[Round "3.10"]
[White "Birkholz, Olga"]
[Black "Frey, Alisa"]
[Result "1/2-1/2"]
[WhiteElo "1993"]
[BlackElo "1998"]
[PlyCount "51"]
[EventDate "2022.06.15"]
[EventType "team-swiss"]
[EventRounds "5"]
[EventCountry "GER"]
[SourceTitle "EXT 2023"]
[Source "ChessBase"]
[SourceDate "2022.10.05"]
[SourceVersion "1"]
[SourceVersionDate "2022.10.05"]
[SourceQuality "1"]

1. c4 e5 2. Nc3 Nf6 3. g3 d5 4. cxd5 Nxd5 5. Qa4+ Nc6 6. Bg2 Be6 7. Nf3 Nb6 8. Qd1 Be7 9. 0-0 0-0 10. d3 f6 11. Bd2 Qd7 12. Re1 Nb4 13. a4 a5 14. b3 c6 15. Ne4 N6d5 16. Rc1 b6 17. d4 Bf5 18. Nh4 exd4 19. Nxf5 Qxf5 20. Rc4 c5 21. Bxb4 axb4 22. e3 dxe3 23. Qxd5+ Qxd5 24. Nxf6+ Bxf6 25. Bxd5+ Kh8 26. fxe3 1/2-1/2

[Event "Bassano del Grappa Easter op-A 2nd"]
[Site "Bassano del Grappa"]
[Date "2022.04.17"]
[Round "7"]
[White "Budyi, Danylo"]
[Black "Birkholz, Olga"]
[Result "1-0"]
[WhiteElo "1817"]
[BlackElo "2044"]
[PlyCount "74"]
[EventDate "2022.04.14"]
[EventType "swiss"]
[EventRounds "9"]
[EventCountry "ITA"]
[SourceTitle "EXT 2024"]
[Source "ChessBase"]
[SourceDate "2023.10.10"]
[SourceVersion "1"]
[SourceVersionDate "2023.10.10"]
[SourceQuality "1"]

1. d4 e6 2. Nf3 f5 3. Bg5 Nf6 4. Nbd2 Be7 5. Bxf6 Bxf6 6. e4 d5 7. exf5 exf5 8. Qe2+ Qe7 9. Qxe7+ Kxe7 10. 0-0-0 Nc6 11. c3 Be6 12. Bd3 Rae8 13. Rhe1 Kd6 14. Bb5 a6 15. Bxc6 Kxc6 16. Ne5+ Kb5 17. f4 a5 18. Ndf3 b6 19. Re3 Re7 20. Rde1 Rhe8 21. a4+ Kxa4 22. Nc6 g5 23. Nxe7 Bf7 24. fxg5 f4 25. gxf6 fxe3 26. Rxe3 Rd8 27. Ng5 Bh5 28. Nxh7 c5 29. Rh3 Bg4 30. f7 Bxh3 31. gxh3 cxd4 32. cxd4 Kb5 33. f8Q Rxf8 34. Nxf8 Kc4 35. Nc6 b5 36. Nxa5+ Kxd4 37. Nc6+ Ke3 1-0

[Event "Bassano del Grappa Easter op-A 2nd"]
[Site "Bassano del Grappa"]
[Date "2022.04.16"]
[Round "6"]
[White "Birkholz, Olga"]
[Black "Bordin, Silvia"]
[Result "0-1"]
[WhiteElo "2044"]
[BlackElo "1912"]
[PlyCount "96"]
[EventDate "2022.04.14"]
[EventType "swiss"]
[EventRounds "9"]
[EventCountry "ITA"]
[SourceTitle "EXT 2024"]
[Source "ChessBase"]
[SourceDate "2023.10.10"]
[SourceVersion "1"]
[SourceVersionDate "2023.10.10"]
[SourceQuality "1"]

1. d4 d5 2. Nf3 e6 3. c3 c5 4. e3 Nc6 5. Bd3 Nf6 6. Nbd2 c4 7. Bc2 b5 8. 0-0 Be7 9. Qe2 Bb7 10. e4 dxe4 11. Nxe4 a6 12. b3 cxb3 13. axb3 Nxe4 14. Bxe4 0-0 15. Ne5 Qc8 16. Nf3 Bf6 17. Rd1 Ne7 18. Bxb7 Qxb7 19. c4 bxc4 20. bxc4 a5 21. Ba3 Rfd8 22. Rab1 Qc7 23. Rb5 Rab8 24. Rc5 Qb6 25. g4 h6 26. Rb5 Qc7 27. Rxb8 Rxb8 28. Bxe7 Bxe7 29. c5 Bf6 30. Qe4 a4 31. Ra1 Qa5 32. Ne5 Bxe5 33. Qxe5 Rc8 34. Qe3 Qb4 35. h3 Rd8 36. Rd1 a3 37. Qd2 Qa4 38. Qc1 a2 39. Qa1 Qxd1+ 40. Qxd1 Rb8 41. Qa4 Rb1+ 42. Kg2 a1Q 43. Qe8+ Kh7 44. Qxf7 Rg1+ 45. Kh2 Rh1+ 46. Kg3 Qg1+ 47. Kf3 Rxh3+ 48. Ke4 Qe1+ 0-1

[Event "GER-chT Federal Cup (Women)"]
[Site "Braunfels"]
[Date "2021.10.23"]
[Round "4.3"]
[White "Ciolacu, Alessia Mihaela"]
[Black "Birkholz, Olga"]
[Result "1-0"]
[WhiteElo "2186"]
[BlackElo "2012"]
[PlyCount "85"]
[EventDate "2021.10.19"]
[EventType "team-tourn"]
[EventRounds "5"]
[EventCountry "GER"]
[SourceTitle "CBM 204 Extra"]
[Source "ChessBase"]
[SourceDate "2021.11.30"]
[SourceVersion "1"]
[SourceVersionDate "2021.11.30"]
[SourceQuality "1"]

1. d4 Nf6 2. c4 c5 3. d5 g6 4. Nc3 d6 5. e4 b5 6. cxb5 a6 7. bxa6 Bxa6 8. Nf3 Bxf1 9. Kxf1 Bg7 10. g3 0-0 11. Kg2 Na6 12. Qe2 Qc8 13. Nd2 Nb4 14. Nc4 Nd7 15. a4 Qb7 16. Bf4 Nb6 17. Nxb6 Qxb6 18. Rac1 Qa6 19. Qxa6 Rxa6 20. Rhd1 c4 21. Bg5 Nd3 22. Rc2 Bxc3 23. Rxc3 Nxb2 24. Rb1 Nxa4 25. Rxc4 f6 26. Be3 Kf7 27. Rb7 Ra5 28. Rcc7 Re8 29. Bd4 f5 30. Ra7 Rxa7 31. Rxa7 Nc5 32. Bxc5 dxc5 33. e5 c4 34. Rc7 Rd8 35. d6 Ke6 36. Rxe7+ Kd5 37. f4 g5 38. Kf3 g4+ 39. Ke3 Rb8 40. d7 c3 41. Re8 c2 42. Kd2 c1Q+ 43. Kxc1 1-0

[Event "Arco op 43rd"]
[Site "Arco"]
[Date "2021.10.17"]
[Round "9"]
[White "Hilbenz, Guntram"]
[Black "Birkholz, Olga"]
[Result "0-1"]
[WhiteElo "1873"]
[BlackElo "2012"]
[PlyCount "33"]
[EventDate "2021.10.09"]
[EventType "swiss"]
[EventRounds "9"]
[EventCountry "ITA"]
[SourceTitle "EXT 2023"]
[Source "ChessBase"]
[SourceDate "2022.10.05"]
[SourceVersion "1"]
[SourceVersionDate "2022.10.05"]
[SourceQuality "1"]

1. c4 c5 2. Nf3 Nc6 3. Nc3 g6 4. g3 Bg7 5. Bg2 b6 6. b3 Bb7 7. Bb2 e6 8. e3 Nge7 9. 0-0 Nf5 10. g4 Nh4 11. Nxh4 Qxh4 12. f4 f5 13. gxf5 gxf5 14. Qe1 Qe7 15. Qe2 0-0-0 16. d3 Rhg8 17. Kh1 0-1

[Event "Arco op 43rd"]
[Site "Arco"]
[Date "2021.10.09"]
[Round "1"]
[White "Donadi, Luca"]
[Black "Birkholz, Olga"]
[Result "0-1"]
[WhiteElo "1631"]
[BlackElo "2012"]
[PlyCount "66"]
[EventDate "2021.10.09"]
[EventType "swiss"]
[EventRounds "9"]
[EventCountry "ITA"]
[SourceTitle "CBM 204 Extra"]
[Source "ChessBase"]
[SourceDate "2021.11.30"]
[SourceVersion "1"]
[SourceVersionDate "2021.11.30"]
[SourceQuality "1"]

1. e4 c5 2. Ne2 a6 3. Nbc3 d6 4. g3 Nc6 5. Bg2 g6 6. 0-0 Bg7 7. d3 e6 8. Be3 Nd4 9. Qd2 Ne7 10. f4 0-0 11. h3 Rb8 12. Rab1 Nec6 13. a3 Bd7 14. g4 f5 15. g5 Nxe2+ 16. Nxe2 b5 17. Ng3 Qc7 18. c3 Ne7 19. d4 cxd4 20. Bxd4 e5 21. Be3 fxe4 22. Nxe4 Nf5 23. Rbd1 Nxe3 24. Qxe3 exf4 25. Rxf4 Be5 26. Rxf8+ Rxf8 27. Qd3 Qb6+ 28. Kh1 Bc6 29. Rf1 Rxf1+ 30. Qxf1 Qe3 31. Nf6+ Bxf6 32. gxf6 Qxh3+ 33. Kg1 Qxg2+ 0-1

[Event "EUR-ch Seniors 50"]
[Site "Prague"]
[Date "2021.09.07"]
[Round "9.4"]
[White "Koblasa, Josef"]
[Black "Birkholz, Olga"]
[Result "0-1"]
[WhiteElo "1929"]
[BlackElo "2018"]
[PlyCount "54"]
[EventDate "2021.08.30"]
[EventType "team-tourn"]
[EventRounds "9"]
[EventCountry "CZE"]
[SourceTitle "CBM 204 Extra"]
[Source "ChessBase"]
[SourceDate "2021.11.30"]
[SourceVersion "1"]
[SourceVersionDate "2021.11.30"]
[SourceQuality "1"]
[WhiteTeam "Udlice Sokol 50"]
[BlackTeam "Germany (Women) 50"]
[WhiteTeamCountry "CZE"]
[BlackTeamCountry "GER"]

1. c4 Nf6 2. Nc3 g6 3. g3 Bg7 4. Bg2 0-0 5. d4 d6 6. e4 Nbd7 7. Nge2 c5 8. d5 a6 9. Bd2 Ne5 10. b3 Nd3+ 11. Kf1 Ng4 12. Be1 Nxe1 13. Qxe1 f5 14. h3 Ne5 15. f4 fxe4 16. Bxe4 Nd7 17. Kg2 b5 18. Rc1 b4 19. Nd1 Nf6 20. Bc2 e6 21. Ne3 exd5 22. cxd5 Qe7 23. Qd2 Re8 24. Kf2 Ra7 25. f5 Ne4+ 26. Bxe4 Qxe4 27. Rc4 Qxh1 0-1